000 00576nam a2200193 u 4500
005 20210223130440.0
008 080520s2006 ch r 000 0 spa d
020 _a9562644189
035 _aUPN01000156015
049 _aI
050 4 _aPZ78
_bC2.4
100 1 _aCarrasco, Marta,
_d1940-2007
_936424
245 1 0 _aJuan Peña, un hombre original /
_cMarta Carrasco.
260 _aSantiago de Chile :
_bSM,
_c2006.
300 _a70 p. :
_bil. col.
440 3 _aEl barco de vapor ;
_v5.
_pPrimeros lectores
650 4 _aCUENTOS INFANTILES CHILENOS
_911282
905 _aInfantil
999 _c128129
_d128129